[Event "Baden-ch U12"]
[Site "Karlsruhe"]
[Date "2012.01.04"]
[Round "5"]
[White "Lauth, Gregor"]
[Black "Lohrmann, Tabea"]
[Result "0-1"]
[WhiteElo "792"]
[BlackElo "1112"]
[PlyCount "58"]
[EventDate "2012.01.03"]
[EventType "swiss"]
[EventRounds "7"]
[EventCountry "GER"]
[SourceTitle "EXT 2015"]
[Source "ChessBase"]
[SourceDate "2014.11.20"]
[SourceVersion "1"]
[SourceVersionDate "2014.11.20"]
[SourceQuality "1"]

1. e4 e5 2. Nf3 Nc6 3. Bc4 Bc5 4. 0-0 Nf6 5. d3 h6 6. Nc3 0-0 7. Bd2 d6 8. h3 Be6 9. Bxe6 fxe6 10. a3 d5 11. Nh4 d4 12. b4 Be7 13. Na4 b5 14. Nc5 Bxc5 15. bxc5 Nd7 16. Bb4 Qxh4 17. c4 bxc4 18. dxc4 Qxe4 19. Qh5 Rf6 20. Qd1 Rg6 21. f3 Qf4 22. Bd2 Qg3 23. Rf2 d3 24. Be1 Nxc5 25. Rd2 Qxh3 26. Kf1 Qh1+ 27. Kf2 Qxg2+ 28. Ke3 Qg5+ 29. Kf2 Qg1# 0-1

[Event "Baden-ch U12"]
[Site "Karlsruhe"]
[Date "2012.01.03"]
[Round "1"]
[White "Lauth, Gregor"]
[Black "Riegel, Arinna"]
[Result "1-0"]
[WhiteElo "792"]
[BlackElo "1274"]
[PlyCount "53"]
[EventDate "2012.01.03"]
[EventType "swiss"]
[EventRounds "7"]
[EventCountry "GER"]
[SourceTitle "EXT 2015"]
[Source "ChessBase"]
[SourceDate "2014.11.20"]
[SourceVersion "1"]
[SourceVersionDate "2014.11.20"]
[SourceQuality "1"]

1. e4 d5 2. e5 Nc6 3. Nf3 Bg4 4. d4 Bxf3 5. gxf3 e6 6. Bg2 Qh4 7. Be3 Bb4+ 8. c3 Bf8 9. Qd3 Nge7 10. Nd2 Nf5 11. 0-0-0 Be7 12. f4 0-0 13. Nf3 Qh6 14. Rhg1 Nh4 15. f5 Qh5 16. Nxh4 Qxh4 17. Bf1 Qxh2 18. Be2 Qh4 19. Rh1 Qe4 20. fxe6 Qxd3 21. Bxd3 g6 22. Rdg1 fxe6 23. Bh6 Rxf2 24. Bxg6 hxg6 25. Rxg6+ Kh7 26. Rgg1 Kh8 27. Be3+ 1-0